000 00326nam a2200133Ia 4500
008 190722s9999 xx 000 0 und d
020 _a13:978-0-7167-7601-7
100 _alodish Berk Kaiser
245 0 _aMolecular Cell Biology
250 _a6th
260 _aNew York
_bW.H.Freeman
_c2008
300 _a1149
942 _cBK
999 _c1212
_d1212